Viola di mare /

Na minha lista:
Detalhes bibliográficos
Autor principal: Nannini, Gianna (Compositor)
Outros Autores: Lante della Rovere, Lucrezia (Ator), Maiorca, Donatella (Diretor), Fantastichini, Ennio (Ator), Solarino, Valeria (Ator), Mandolfo, Pina (Animador de cenário), Ragonese, Isabella (Ator), Cucinotta, Maria Grazia (Ator), Cristiani, Mario (Animador de cenário)
Formato: Slides
Idioma:Língua italiana
Publicado em: Cologno Monzese : Medusa video, [2010]
Tags: Adicionar Tag
Sem tags, seja o primeiro a adicionar uma tag!

MARC

LEADER 00000ngm a22000007i 4500
001 IT\ICCU\MOD\1566185
003 ItRI
005 20260124182818.0
008 100330s2010 it |||||||||||||||k|||||c
024 3 1 |a 8010020062584 
028 4 2 |a 1000374946 
028 4 2 |a N02RF06006  |b Versione noleggio 
028 4 2 |a N02SF06258 
040 |b ita 
041 7 |a ita  |2 ISO-639-2 
082 |a 791.43  |9 CINEMA  |2 12 
082 |a 791.43  |9 CINEMA  |2 19 
130 0 |a Viola di mare <film ; 2009>  |3 IT\ICCU\MOD\1566195 
245 0 0 |a Viola di mare /  |c un film di Donatella Maiorca ; soggetto Pina Mandolfo ; liberamente tratto dal libro di Giacomo Pilati ; sceneggiatura Mario Cristiani ... [et al.] ; musiche composte strumentate e dirette da Gianna Nannini. 
260 |a Cologno Monzese :  |b Medusa video,  |c [2010] 
300 |a 1 DVD-Video (102 min.) ;  |c in contenitore, 19 cm 
500 |a Caratteristiche tecniche: regione 2; PAL; 1.85:1, ottimizzato per TV 16:9; Dolby digital 5.1; color 
500 |a Tit. del contenitore 
500 |a Produzione cinematografica Italia 2009 
500 |a Interpreti: Valeria Solarino, Isabella Ragonese, Ennio Fantastichini 
500 |a Lingue: italiano; sottotitoli: italiano per non udenti 
500 |a Contenuti extra 
700 1 |a Lante della Rovere, Lucrezia  |0 IT\ICCU\ANAV\040620  |4 act 
700 1 |a Maiorca, Donatella  |0 IT\ICCU\FERV\074478  |4 drt 
700 1 |a Pilati, Giacomo  |0 IT\ICCU\PALV\049337  |4 ant 
700 1 |a Fantastichini, Ennio  |0 IT\ICCU\RAVV\088898  |4 act 
700 1 |a Solarino, Valeria  |0 IT\ICCU\RAVV\419147  |4 act 
700 1 |a Mandolfo, Pina  |0 IT\ICCU\TO0V\161619  |4 sce 
700 1 |a Nannini, Gianna  |0 IT\ICCU\TO0V\261014  |4 cmp 
700 1 |a Ragonese, Isabella  |0 IT\ICCU\UBOV\263734  |4 act 
700 1 |a Cucinotta, Maria Grazia  |0 IT\ICCU\UBOV\485409  |4 act 
700 1 |a Cristiani, Mario  |0 IT\ICCU\VEAV\006851  |4 sce 
942 |2 ddc  |c VM  |n 0 
952 |0 0  |1 0  |4 0  |6 VO_1797_000000000000000  |7 0  |9 26748  |a BO  |b BO  |d 2026-01-24  |i 13796  |l 0  |o VO 1797  |p BO13796  |r 2026-01-24 18:28:18  |w 2026-01-24  |x [Sebina 5] [1 dvd]  |y VM  |z 1 dvd 
999 |c 22621  |d 22621